Sports Quiz

Random Sports or Football Quiz

FIFA World Rankings Since 1993 Quiz Stats

Quiz Updated Jun 30, 2017

Challenge
Share
Tweet
Embed
Score 0/250 Timer 06:00
0 Plays Today
Year Country % Correct
1993Brazil
99.3%
1995Brazil
99.2%
1997Brazil
99.2%
1999Brazil
99.2%
2001Brazil
99.2%
2003Brazil
99.2%
2005Brazil
99.2%
2007Brazil
99.2%
2009Brazil
99.2%
2011Brazil
99.2%
1994Brazil
99.2%
1996Brazil
99.2%
1998Brazil
99.2%
2000Brazil
99.2%
2002Brazil
99.2%
2004Brazil
99.2%
2006Brazil
99.2%
2008Brazil
99.2%
2010Brazil
99.2%
2012Brazil
99.2%
2014Brazil
99.2%
2017Brazil
99%
2015Brazil
99%
2016Brazil
99%
1993Spain
98.7%
1995Spain
98.7%
1997Spain
98.7%
1999Spain
98.7%
2001Spain
98.7%
2003Spain
98.7%
2005Spain
98.7%
2007Spain
98.7%
2009Spain
98.7%
2011Spain
98.7%
1994Germany
98.6%
1996Germany
98.6%
1998Germany
98.6%
2000Germany
98.6%
2002Germany
98.6%
2006Germany
98.6%
2008Germany
98.6%
2010Germany
98.6%
2012Germany
98.6%
2013Germany
98.6%
2014Germany
98.6%
1994Spain
98.6%
1996Spain
98.6%
2000Spain
98.6%
2002Spain
98.6%
2004Spain
98.6%
2006Spain
98.6%
2008Spain
98.6%
2010Spain
98.6%
2012Spain
98.6%
2013Spain
98.6%
2014Spain
98.6%
2017Germany
98.5%
1993Germany
98.5%
1995Germany
98.5%
1997Germany
98.5%
1999Germany
98.5%
2001Germany
98.5%
2003Germany
98.5%
2007Germany
98.5%
2009Germany
98.5%
2011Germany
98.5%
2016Germany
98.3%
2015Germany
98.3%
2017Argentina
98.3%
2016Argentina
98.3%
2015Argentina
98.2%
1994Argentina
98.1%
1998Argentina
98.1%
2000Argentina
98.1%
2002Argentina
98.1%
2006Argentina
98.1%
2008Argentina
98.1%
2010Argentina
98.1%
2012Argentina
98.1%
2013Argentina
98.1%
2014Argentina
98.1%
1993Argentina
98%
1995Argentina
98%
1999Argentina
98%
Year Country % Correct
2001Argentina
98%
2003Argentina
98%
2005Argentina
98%
2007Argentina
98%
2009Argentina
98%
2011Argentina
98%
2016Spain
97.9%
2017Spain
97.8%
2015Spain
97.6%
1997France
97.5%
1999France
97.5%
2001France
97.5%
2003France
97.5%
2005France
97.5%
2007France
97.5%
2009France
97.5%
1996France
97.4%
1998France
97.4%
2000France
97.4%
2002France
97.4%
2004France
97.4%
2006France
97.4%
2008France
97.4%
2017France
97.3%
1993Italy
97.2%
1995Italy
97.2%
1997Italy
97.2%
1999Italy
97.2%
2001Italy
97.2%
2007Italy
97.2%
2009Italy
97.2%
2011Italy
97.2%
1994Italy
97.1%
1996Italy
97.1%
1998Italy
97.1%
2002Italy
97.1%
2004Italy
97.1%
2006Italy
97.1%
2008Italy
97.1%
2013Italy
97.1%
2014Italy
97.1%
1993England
96.7%
1997England
96.7%
2003England
96.7%
2005England
96.7%
2007England
96.7%
2009England
96.7%
2011England
96.7%
1998England
96.6%
2002England
96.6%
2004England
96.6%
2006England
96.6%
2010England
96.6%
2012England
96.6%
2014England
96.6%
2013England
96.6%
2002Portugal
95.1%
2006Portugal
95.1%
2008Portugal
95.1%
2010Portugal
95.1%
2012Portugal
95.1%
2013Portugal
95.1%
2014Portugal
95.1%
2017Portugal
94.8%
2001Portugal
94.8%
2005Portugal
94.8%
2007Portugal
94.8%
2011Portugal
94.8%
2016Portugal
94.6%
1993Netherlands
93.9%
1995Netherlands
93.9%
1997Netherlands
93.9%
1999Netherlands
93.9%
2001Netherlands
93.9%
2003Netherlands
93.9%
2005Netherlands
93.9%
2007Netherlands
93.9%
2009Netherlands
93.9%
2011Netherlands
93.9%
1994Netherlands
93.4%
1996Netherlands
93.4%
1998Netherlands
93.4%
2004Netherlands
93.4%
2006Netherlands
93.4%
Year Country % Correct
2008Netherlands
93.4%
2010Netherlands
93.4%
2012Netherlands
93.4%
2013Netherlands
93.4%
2004United States
92.6%
2003United States
92.5%
2005United States
92.5%
2015Belgium
90.2%
2017Chile
90.2%
2016Belgium
90.1%
1996Russia
89.7%
1997Russia
89.4%
2009Russia
89.4%
2000Mexico
89.2%
2002Mexico
89.2%
2004Mexico
89.2%
2017Belgium
89.2%
1995Mexico
89.1%
2005Mexico
89.1%
2011Mexico
89.1%
2016Chile
88.8%
2010Chile
87.9%
2010Uruguay
87.9%
2012Uruguay
87.9%
2014Uruguay
87.9%
2015Uruguay
86.6%
2015France
86.5%
2016Uruguay
85.8%
1994Sweden
85.3%
1996Sweden
85.3%
1995Sweden
84.7%
2015Netherlands
82.5%
2013Colombia
81.6%
2014Colombia
81.6%
2002Colombia
81.5%
2017Colombia
80.6%
2015Colombia
79.3%
2016Colombia
79.2%
2015Portugal
77.8%
2014Switzerland
75.8%
1994Denmark
75.1%
1996Denmark
75.1%
2012Denmark
75.1%
1993Denmark
74.9%
1997Denmark
74.9%
2017Switzerland
74.4%
1993Switzerland
72.3%
1998Croatia
70.6%
2000Croatia
70.6%
2008Croatia
70.6%
2012Croatia
70.6%
2013Croatia
70.6%
1999Croatia
70.3%
2009Croatia
70.3%
2011Croatia
70.3%
1994Norway
68.6%
2000Norway
68.6%
1993Norway
68.2%
1995Norway
68.2%
2004Turkey
67%
2003Turkey
66.8%
2001Paraguay
66.2%
1999Czech Republic
65.4%
2001Czech Republic
65.4%
2003Czech Republic
65.4%
2005Czech Republic
65.4%
2007Czech Republic
65.4%
1996Czech Republic
65%
1998Czech Republic
65%
2000Czech Republic
65%
2004Czech Republic
65%
2006Czech Republic
65%
2008Czech Republic
65%
2016Austria
63.4%
1994Romania
50.7%
1997Romania
49.8%
1999Romania
49.8%
2013Ecuador
49.6%
2010Egypt
48.3%
1995Bulgaria
46.9%
1998Yugoslavia
38.7%
2000Yugoslavia
38.7%

You're not logged in!

Compare scores with friends on all Sporcle quizzes.
Sign Up with Email
OR
Log In

You Might Also Like...

Show Comments

Extras

Top Quizzes Today


Score Distribution

Your Account Isn't Verified!

In order to create a playlist on Sporcle, you need to verify the email address you used during registration. Go to your Sporcle Settings to finish the process.